000 00476nam a2200157Ia 4500
008 240729s9999 xx 000 0 und d
022 _a2327-9788
245 0 _aJournal of the American Society for Horticultural Science
260 _aUnited States
260 _bAmerican Society for Horticultural Science (ASHS)
650 _a Plant culture
650 _aAgriculture
856 _uhttps://doaj.org/toc/ca4613be98aa4559b915c17a9cfc73e2
942 _2ddc
942 _cDOAJEJ
999 _c65997
_d65997
945 _a1
_bMadushi Gamage
_c1
_dMadushi Gamage